[Event "CRO Cup"]
[Site "Mali Losinj"]
[Date "2025.05.18"]
[Round "6.4"]
[White "Podravec, Kresimir"]
[Black "Zivic, Luka"]
[Result "1-0"]
[WhiteElo "2073"]
[BlackElo "1777"]
[PlyCount "105"]
[EventDate "2025.05.14"]
[EventType "team-tourn"]
[EventRounds "6"]
[EventCountry "CRO"]
[SourceTitle "CB21_2025"]
[SourceDate "2025.05.21"]
[SourceVersion "1"]
[SourceVersionDate "2025.05.21"]
[SourceQuality "1"]
[WhiteTeam "Zagreb Caissa"]
[BlackTeam "Zagreb Novi"]
[WhiteTeamCountry "CRO"]
[BlackTeamCountry "CRO"]

1. e4 c5 2. Nf3 Nc6 3. d4 cxd4 4. Nxd4 g6 5. Nc3 Bg7 6. Be3 d6 7. Be2 Nf6 8. 0-0 0-0 9. h3 Bd7 10. Qd2 Rc8 11. f4 Nxd4 12. Bxd4 Bc6 13. Bf3 Qa5 14. Rad1 Rfd8 15. Qe3 b6 16. e5 dxe5 17. Bxe5 Bxf3 18. Qxf3 e6 19. a3 Nd5 20. b4 Qxa3 21. Nxd5 Qxf3 22. Ne7+ Kf8 23. gxf3 Kxe7 24. Bxg7 Rxd1 25. Rxd1 Rxc2 26. Be5 a5 27. bxa5 bxa5 28. Rb1 Rd2 29. Ra1 Rd5 30. Kf2 f6 31. Bc3 g5 32. fxg5 fxg5 33. Rxa5 Rxa5 34. Bxa5 Kf6 35. Kg3 Kf5 36. Bd2 Kg6 37. h4 gxh4+ 38. Kxh4 e5 39. Be3 h6 40. Bd2 Kf5 41. Kh5 Ke6 42. Kxh6 Kf6 43. Be3 Ke6 44. Kg5 e4 45. f4 Kf7 46. f5 Kg7 47. f6+ Kf7 48. Kf5 Kf8 49. Kxe4 Kf7 50. Kf5 Kf8 51. Kg6 Kg8 52. f7+ Kh8 53. Bd4# 1-0

[Event "CRO-chT3"]
[Site "Zagreb"]
[Date "2008.10.05"]
[Round "7"]
[White "Podravec, Kresimir"]
[Black "Basaric, Srdjan"]
[Result "0-1"]
[WhiteElo "2097"]
[BlackElo "2009"]
[PlyCount "72"]
[EventDate "2008.03.30"]
[EventType "team-tourn"]
[EventRounds "9"]
[EventCountry "CRO"]
[SourceTitle "EXT 2011"]
[Source "ChessBase"]
[SourceDate "2010.11.26"]
[SourceVersion "1"]
[SourceVersionDate "2010.11.26"]
[SourceQuality "1"]

1. e4 d6 2. d4 Nf6 3. Nc3 Nbd7 4. f4 e5 5. Nf3 exd4 6. Nxd4 g6 7. Bc4 Bg7 8. 0-0 0-0 9. f5 c6 10. a4 a5 11. Kh1 d5 12. exd5 Nb6 13. Bd3 Nbxd5 14. Bg5 h6 15. Bd2 Nb4 16. Be3 Nxd3 17. cxd3 Nd5 18. Nxd5 Bxd4 19. Ne7+ Qxe7 20. Bxd4 Bxf5 21. Rxf5 gxf5 22. Qd2 Qd6 23. Bc3 Rfe8 24. Rf1 Re6 25. Rxf5 Rg6 26. Bxa5 Re8 27. Bc3 Ree6 28. b3 Qe7 29. Rf2 Qg5 30. Qc2 Rgf6 31. Kg1 Rxf2 32. Kxf2 Qh4+ 33. Kf1 Qxh2 34. Qd2 Qh1+ 35. Kf2 Rg6 36. Kf3 Qf1+ 0-1

[Event "CRO-chT3"]
[Site "Zagreb"]
[Date "2008.03.30"]
[Round "1"]
[White "Tutek, Josip"]
[Black "Podravec, Kresimir"]
[Result "0-1"]
[WhiteElo "2071"]
[BlackElo "2097"]
[PlyCount "126"]
[EventDate "2008.03.30"]
[EventType "team-tourn"]
[EventRounds "9"]
[EventCountry "CRO"]
[SourceTitle "EXT 2011"]
[Source "ChessBase"]
[SourceDate "2010.11.26"]
[SourceVersion "1"]
[SourceVersionDate "2010.11.26"]
[SourceQuality "1"]

1. e4 c5 2. Nf3 e6 3. d4 cxd4 4. Nxd4 Nf6 5. Nc3 Nc6 6. Nxc6 bxc6 7. e5 Nd5 8. Nxd5 cxd5 9. Bd3 Qc7 10. Qe2 Bb4+ 11. Kf1 0-0 12. Qg4 Bc5 13. Qe2 f6 14. Qh5 f5 15. f4 d6 16. exd6 Qxd6 17. Qe2 Bb7 18. Bd2 Rae8 19. Re1 Bd4 20. c3 Bf6 21. Qf2 Ba6 22. Qe2 Bxd3 23. Qxd3 e5 24. c4 d4 25. fxe5 Bxe5 26. a3 Bf4 27. Bb4 Rxe1+ 28. Bxe1 Qe5 29. Bb4 Re8 30. g3 Bg5 31. Qf3 Qe4 32. Kg2 d3 33. Rd1 Rd8 34. h4 Bh6 35. c5 d2 36. c6 Qe5 37. c7 Qxc7 38. Qxf5 Qc6+ 39. Qf3 Qc4 40. Kh3 g6 41. Qf6 Qd5 42. Bc3 Qf5+ 43. Qxf5 gxf5 44. Kg2 Kf7 45. Kf2 Kg6 46. Ke2 Re8+ 47. Kf2 Kh5 48. Bxd2 Rd8 49. Ke2 Rxd2+ 50. Rxd2 Bxd2 51. Kxd2 Kg4 52. Ke2 Kxg3 53. Kf1 Kxh4 54. b4 Kg5 55. a4 Kf6 56. b5 Ke6 57. a5 Kd6 58. Kf2 Kc5 59. b6 axb6 60. axb6 Kxb6 61. Kf3 h5 62. Kg3 Kc5 63. Kf4 h4 0-1

[Event "CRO-chT2 Center"]
[Site "Zagreb"]
[Date "2005.04.03"]
[Round "1.2"]
[White "Margitic, Zdravko"]
[Black "Podravec, Kresimir"]
[Result "1-0"]
[WhiteElo "2132"]
[BlackElo "2137"]
[PlyCount "79"]
[EventDate "2005.04.03"]
[EventType "tourn"]
[EventRounds "11"]
[EventCountry "CRO"]
[SourceTitle "EXT 2007"]
[Source "ChessBase"]
[SourceDate "2006.11.23"]
[SourceVersion "1"]
[SourceVersionDate "2006.11.23"]
[SourceQuality "1"]

1. e4 c5 2. Nf3 e6 3. g3 d5 4. exd5 exd5 5. d4 Nf6 6. Bg2 h6 7. 0-0 Be7 8. dxc5 Nc6 9. b3 0-0 10. Bb2 Bxc5 11. Nc3 Be6 12. Ne2 Rc8 13. Nf4 Ne4 14. Nd2 Nf6 15. Bxf6 Qxf6 16. Nxd5 Bxd5 17. Bxd5 Bd4 18. Rc1 Rfd8 19. Bxc6 Rxc6 20. c4 Qf5 21. Qf3 Qa5 22. Rc2 f5 23. Rb1 Qe5 24. b4 g5 25. c5 Rc7 26. Nc4 Qe6 27. Qb3 Kh8 28. Na3 Qe5 29. Nb5 Rcd7 30. Nd6 Qf6 31. Re2 Be5 32. Nc4 Bc3 33. Rc1 Bd4 34. Rce1 f4 35. Re6 Bxf2+ 36. Kh1 Qf5 37. Re8+ Kg7 38. Nd6 Qf8 39. Rxf8 Rxf8 40. Qb2+ 1-0

[Event "CRO-chTA U18"]
[Site "Pula"]
[Date "2002.09.19"]
[Round "?"]
[White "Podravec, Kresimir"]
[Black "Sagi, Franko"]
[Result "1-0"]
[WhiteElo "2147"]
[BlackElo "2043"]
[PlyCount "49"]
[EventDate "2002.09.16"]
[EventType "team-tourn"]
[EventRounds "8"]
[EventCountry "CRO"]
[SourceTitle "CBM 090 Extra"]
[Source "ChessBase"]
[SourceDate "2002.11.07"]
[SourceVersion "1"]
[SourceVersionDate "2002.11.07"]
[SourceQuality "1"]

1. e4 e6 2. d4 d5 3. exd5 exd5 4. c4 c6 5. Nf3 Bd6 6. Bd3 Ne7 7. 0-0 Bf5 8. c5 Bc7 9. Bxf5 Nxf5 10. Re1+ Ne7 11. Qe2 Nd7 12. Nh4 Nf8 13. f4 g6 14. f5 Ba5 15. Nc3 Bxc3 16. bxc3 f6 17. Rb1 Qd7 18. Qb2 0-0-0 19. Bf4 Nxf5 20. Nxf5 gxf5 21. Qa3 Re8 22. Qxa7 Rxe1+ 23. Rxe1 Kd8 24. Qb8+ Qc8 25. Re8+ 1-0

[Event "CRO-chTA U18"]
[Site "Pula"]
[Date "2002.09.18"]
[Round "?"]
[White "Baric, Goran"]
[Black "Podravec, Kresimir"]
[Result "0-1"]
[WhiteElo "2088"]
[BlackElo "2147"]
[PlyCount "50"]
[EventDate "2002.09.16"]
[EventType "team-tourn"]
[EventRounds "8"]
[EventCountry "CRO"]
[SourceTitle "CBM 090 Extra"]
[Source "ChessBase"]
[SourceDate "2002.11.07"]
[SourceVersion "1"]
[SourceVersionDate "2002.11.07"]
[SourceQuality "1"]

1. d4 Nf6 2. Nf3 e6 3. Bf4 b6 4. Nbd2 Bb7 5. e3 d5 6. Bd3 Be7 7. h3 Nbd7 8. Qe2 c5 9. c3 Ne4 10. Ne5 0-0 11. 0-0 Nxe5 12. Bxe5 Bd6 13. Bxd6 Qxd6 14. Bxe4 dxe4 15. f4 a5 16. Rf2 Qc6 17. f5 exf5 18. Rxf5 cxd4 19. cxd4 Qc2 20. Re5 Rac8 21. Re1 Qxb2 22. Nxe4 Rc2 23. Qg4 f5 24. Rxf5 Rxf5 25. Qxf5 Rxg2+ 0-1

[Event "CRO-chTA U18"]
[Site "Pula"]
[Date "2002.09.17"]
[Round "?"]
[White "Podravec, Kresimir"]
[Black "Tisma, Nebojsa"]
[Result "1-0"]
[WhiteElo "2147"]
[BlackElo "2130"]
[PlyCount "63"]
[EventDate "2002.09.16"]
[EventType "team-tourn"]
[EventRounds "8"]
[EventCountry "CRO"]
[SourceTitle "CBM 090 Extra"]
[Source "ChessBase"]
[SourceDate "2002.11.07"]
[SourceVersion "1"]
[SourceVersionDate "2002.11.07"]
[SourceQuality "1"]

1. e4 c5 2. Nf3 d6 3. d4 cxd4 4. Nxd4 Nf6 5. Nc3 e6 6. Be2 Be7 7. 0-0 0-0 8. f4 Nc6 9. Kh1 a6 10. a3 Bd7 11. Nf3 Qc7 12. Qe1 b5 13. Be3 b4 14. axb4 Nxb4 15. Rc1 Qb7 16. e5 Nfd5 17. Bd2 Rac8 18. Nxd5 Nxd5 19. c4 Nb6 20. b4 d5 21. c5 Nc4 22. Bxc4 dxc4 23. Nd4 Bb5 24. Bc3 Rfd8 25. f5 exf5 26. Nxf5 Bf8 27. e6 Re8 28. Nh6+ Kh8 29. Nxf7+ Kg8 30. Nd6 Bxd6 31. cxd6 Rcd8 32. Rf7 1-0

[Event "CRO-ch U19"]
[Site "Pula"]
[Date "2002.??.??"]
[Round "4"]
[White "Podravec, Kresimir"]
[Black "Ramesa, Davor"]
[Result "1/2-1/2"]
[WhiteElo "2153"]
[BlackElo "2136"]
[PlyCount "74"]
[EventDate "2002.??.??"]
[EventType "swiss"]
[EventRounds "9"]
[EventCountry "CRO"]
[SourceTitle "EXT 2003"]
[Source "ChessBase"]
[SourceDate "2002.11.25"]
[SourceVersion "1"]
[SourceVersionDate "2002.11.25"]
[SourceQuality "1"]

1. e4 c5 2. Nf3 Nc6 3. d4 cxd4 4. Nxd4 g6 5. c4 Bg7 6. Be3 Nf6 7. Nc3 0-0 8. Be2 d6 9. 0-0 Bd7 10. Kh1 Nxd4 11. Bxd4 Bc6 12. f4 a5 13. f5 Nd7 14. Nd5 Bxd5 15. Bxg7 Kxg7 16. Qxd5 Qb6 17. Qd2 Qc6 18. Rf4 f6 19. b3 Ne5 20. Qd5 Qb6 21. Rff1 a4 22. b4 Qxb4 23. Rab1 Qa5 24. Rb5 Qd8 25. Rxb7 Rb8 26. Rfb1 Rxb7 27. Rxb7 Re8 28. h3 Qc8 29. fxg6 hxg6 30. Ra7 Qb8 31. Rxa4 Qb1+ 32. Kh2 Qc2 33. Bd1 Qf2 34. Ra3 Rb8 35. Rb3 Rxb3 36. axb3 Qf4+ 37. Kg1 Qe3+ 1/2-1/2

[Event "CRO-ch U19"]
[Site "Pula"]
[Date "2001.??.??"]
[Round "5"]
[White "Brkic, Ante"]
[Black "Podravec, Kresimir"]
[Result "1-0"]
[WhiteElo "2208"]
[BlackElo "2210"]
[PlyCount "99"]
[EventDate "2001.??.??"]
[EventType "swiss"]
[EventRounds "9"]
[EventCountry "CRO"]
[SourceTitle "EXT 2002"]
[Source "ChessBase"]
[SourceDate "2001.11.25"]
[SourceVersion "1"]
[SourceVersionDate "2001.11.25"]
[SourceQuality "1"]

1. d4 d5 2. c4 c6 3. cxd5 cxd5 4. Nc3 Nc6 5. Nf3 Nf6 6. Bf4 a6 7. Rc1 h6 8. h3 e6 9. e3 Bd6 10. Bxd6 Qxd6 11. Bd3 0-0 12. 0-0 b5 13. Qe2 Bd7 14. Rfd1 Rfb8 15. e4 dxe4 16. Nxe4 Nxe4 17. Qxe4 f5 18. Qe3 Re8 19. Ne5 Nb4 20. Rc5 Rac8 21. a3 Nd5 22. Qg3 Nf6 23. b4 Bc6 24. Rdc1 Bb7 25. Ng4 Qxg3 26. Nxf6+ gxf6 27. fxg3 Rxc5 28. dxc5 Bc6 29. Be2 e5 30. Rd1 Rc8 31. Rd6 Kf7 32. Bd1 Rc7 33. Kf2 Bb7 34. Bb3+ Kg6 35. Bc2 Rc6 36. Rd7 Bc8 37. Ra7 Be6 38. Ke3 h5 39. a4 e4 40. Kf4 Bd5 41. axb5 axb5 42. Ra5 Bc4 43. g4 hxg4 44. hxg4 Bd3 45. gxf5+ Kh6 46. Bxd3 exd3 47. Ke3 Kg5 48. Kxd3 Kxf5 49. Rxb5 Kg4 50. Rb6 1-0

[Event "CRO-ch U19"]
[Site "Pula"]
[Date "2001.??.??"]
[Round "7"]
[White "Sikanjic, Bojan"]
[Black "Podravec, Kresimir"]
[Result "0-1"]
[WhiteElo "2015"]
[BlackElo "2210"]
[PlyCount "58"]
[EventDate "2001.??.??"]
[EventType "swiss"]
[EventRounds "9"]
[EventCountry "CRO"]
[SourceTitle "EXT 2002"]
[Source "ChessBase"]
[SourceDate "2001.11.25"]
[SourceVersion "1"]
[SourceVersionDate "2001.11.25"]
[SourceQuality "1"]

1. c4 e5 2. Nc3 Nc6 3. Nf3 g6 4. d4 exd4 5. Nxd4 Bg7 6. Nxc6 bxc6 7. g3 Rb8 8. Qa4 a6 9. Bg2 Ne7 10. 0-0 0-0 11. Rd1 Bb7 12. Qc2 c5 13. Be3 Bxg2 14. Kxg2 d6 15. Bxc5 Qc8 16. Ba3 Qg4 17. Nd5 Nxd5 18. cxd5 Rbc8 19. Rac1 f5 20. Qd3 f4 21. Rc4 Rce8 22. Rd2 Rxe2 23. Rxe2 f3+ 24. Kf1 Qh3+ 25. Ke1 fxe2 26. Qxe2 Qxh2 27. Re4 Bd4 28. Rf4 Rxf4 29. gxf4 Qxf4 0-1